Base de datos bibliográficos : las mujeres y el trabajo /
Base de datos bibliográficos, de carácter temático, de tipo referencial y de cobertura multidisciplinaria, sobre las diversas facetas e implicaciones sociales, económicas, culturales y jurídicas que tiene el trabajo de la mujer. Contiene información sobre material que sobre el tema puede consultarse...
Uloženo v:
| Hlavní autor: | |
|---|---|
| Médium: | Elektronický zdroj |
| Jazyk: | španělština |
| Témata: | |
| Tagy: |
Žádné tagy, Buďte první, kdo vytvoří štítek k tomuto záznamu!
|
MARC
| LEADER | 00000nmm^a2200000^a^4500 | ||
|---|---|---|---|
| 001 | 000142961 | ||
| 005 | 20250521000000.0 | ||
| 009 | 20260310095707.348 | ||
| 020 | |a 968-36-9822-0 | ||
| 037 | |a Acervo ITESO - Biblioteca | ||
| 041 | |a ESP | ||
| 082 | |a 305. 42016 |b CEB | ||
| 100 | |a Ceballos Angulo, Gida |e (coord.) | ||
| 245 | 1 | 0 | |a Base de datos bibliográficos : |b las mujeres y el trabajo / |c Coord. de G. Ceballos Angulo. |
| 264 | |a México : |b UNAM, Programa Universitario de Estudios de Género, |c 2000 | ||
| 300 | |a 1 disco compacto de computadora | ||
| 336 | |a datos para computadora |b cod |2 rdacontenido | ||
| 337 | |a computadora |b c |2 rdamedio | ||
| 338 | |a disco de computadora |b cd |2 rdasoporte | ||
| 520 | |a Base de datos bibliográficos, de carácter temático, de tipo referencial y de cobertura multidisciplinaria, sobre las diversas facetas e implicaciones sociales, económicas, culturales y jurídicas que tiene el trabajo de la mujer. Contiene información sobre material que sobre el tema puede consultarse en la ciudad de México, en monografías, revistas, reuniones, tesis o audiovisuales en español, inglés, francés o portugués. | ||
| 649 | |a XX | ||
| 650 | |a Mujeres - |x Condiciones Laborales | ||
| 650 | |a Mujeres - |x Condiciones Económicas | ||
| 650 | |a Mujeres - |x Condiciones Sociales y Culturales | ||
| 650 | |a Mujeres - |x Condiciones Jurídicas | ||
| 650 | |a Mujeres en los Medios de Comunicación | ||
| 650 | |a Empleo y Desempleo | ||
| 650 | |a Trabajo Doméstico | ||
| 650 | |a Doble Jornada | ||
| 650 | |a Familia | ||
| 650 | |a Relaciones Laborales | ||
| 650 | |a Igualdad y Desigualdad | ||
| 650 | |a Discriminación | ||
| 650 | |a Identidad de Género | ||
| 650 | |a Roles de Género | ||
| 650 | |a Política de Género | ||
| 650 | |a Género | ||
| 650 | |a Comunicación Masiva | ||
| 650 | |a Movimientos de Mujeres | ||
| 650 | |a Movimientos Sociales | ||
| 650 | |a Derecho Laboral | ||
| 650 | |a Derecho Social | ||
| 650 | |a Derecho Público | ||
| 650 | |a Economía Laboral | ||
| 650 | |a Sociología Laboral | ||
| 910 | |a Fondo General | ||
| 920 | |a Electrónicos - Recursos en Disco | ||
| 905 | |a 207 | ||
| 901 | |a SFW0000876 |b IT2 |c SWS |u 20250521 | ||
| 902 | |a https://opac.biblio.iteso.mx/vufind/Record/000142961 | ||